| 000 | 00984nam a2200265 i 4500 | ||
|---|---|---|---|
| 001 | 13774 | ||
| 003 | ES-MaACL | ||
| 005 | 20251002204024.0 | ||
| 007 | t| | ||
| 008 | 971204s1997 sp ||||0| spa j | ||
| 020 | _a84-8004-238-9 | ||
| 080 | _a930.85(460=411.21)(082.2) | ||
| 080 | _a929 García Gómez, Emilio | ||
| 245 | 0 | 4 |
_aLos reinos de taifas, un siglo de oro en la cultura hispanomusulmana _b: ciclo de conferencias "in memoriam" de D. Emilio García Gómez. |
| 260 |
_aMadrid : _bCentro de Estudios Ramón Areces, _cD.L. 1997. |
||
| 300 |
_a136 p ; _c25 cm. |
||
| 500 | _aEn port.: Real Academia de la Historia. | ||
| 600 | 1 | 4 |
_aGarcía Gómez, Emilio, _d1905-1995- _vHomenajes _954691 |
| 651 | 4 |
_aAl-Andalus- _xCivilización. _97608 |
|
| 700 | 1 |
_aGarcía Gómez, Emilio, _d1905-1995 _954690 |
|
| 710 | 2 |
_aReal Academia de la Historia (España) _96309 |
|
| 710 | 2 |
_aFundación Ramón Areces _94401 |
|
| 852 |
_aES-MaACL _jL-21196 |
||
| 999 |
_c13774 _d13774 |
||